00401nam a22001457a 4500003000400000008004100004082001700045100001800062245007000080260003200150300001000182502001500192650003100207650001700238OSt260425b |||||||| |||| 00| 0 eng d a634.44bS16F aKumar, Sanjay aFixation of Maturity Standards of Mango CV. Amrapali and Mallika  aPusa, SamastipurbRAUc1999 a100P. bMsc.d1999 aFruit and Fruit Technology aHorticulture